| 000 | 00611cam a2200145 4500500 | ||
|---|---|---|---|
| 005 | 20260208010540.0 | ||
| 041 | _afre | ||
| 042 | _adc | ||
| 100 | 1 | 0 |
_aLeclercq, Stéfan _eauthor |
| 245 | 0 | 0 | _aJean-Michel Charrue, Illusion de la dialectique et dialectique de l’illusion, Paris, Les Belles Lettres, 2003, coll. « Études anciennes », 454 p. |
| 260 | _c2005. | ||
| 500 | _a31 | ||
| 786 | 0 | _nRevue philosophique de la France et de l'étranger | 130 | 1 | 2005-03-01 | p. 77zk-130zk | 0035-3833 | |
| 856 | 4 | 1 | _uhttps://shs.cairn.info/revue-philosophique-2005-1-page-77zk?lang=fr&redirect-ssocas=7080 |
| 999 |
_c1657075 _d1657075 |
||